000 00326nam a2200133Ia 4500
008 240116s9999 xx 000 0 und d
082 _a343.6096
_bABI-T
100 _aAbid, Adeel
245 4 _aThe Maritine laws of Pakistan
260 _aPakistan
_bPakistan law house
_c2014
300 _a324
650 _aLaw
999 _c34992
_d34992